[Event "POL-ch blind 23rd"]
[Site "Muszyna"]
[Date "1991.10.06"]
[Round "4"]
[White "Kowalczyk, Marian"]
[Black "Siluk, Zygmunt"]
[Result "1-0"]
[WhiteElo "2090"]
[BlackElo "2000"]
[PlyCount "33"]
[EventDate "1991.10.03"]
[EventType "tourn"]
[EventRounds "13"]
[EventCountry "POL"]
[SourceTitle "EXT 2011"]
[Source "ChessBase"]
[SourceDate "2010.11.26"]
[SourceVersion "1"]
[SourceVersionDate "2010.11.26"]
[SourceQuality "1"]

1. e4 c5 2. Nf3 Nc6 3. d4 cxd4 4. c3 dxc3 5. Nxc3 d6 6. Bc4 e6 7. 0-0 Nf6 8. Qe2 a6 9. Rd1 Qc7 10. Bf4 Be7 11. Rac1 0-0 12. Bb3 Rd8 13. Nd5 exd5 14. exd5 Nxd5 15. Bxd5 Bd7 16. Qxe7 Nxe7 17. Rxc7 1-0